000 00468nam a2200157Ia 4500
008 151021s9999 xx 000 0 und d
020 _a789512831
050 _aQA 76.76 .S 1996
245 _a_Microsoft Windows 95 Introductory Concepts and Techniques / Gary B. Shelly
260 _aBoston : Boyd &Fraser, 1996
300 _avii,59 p.
500 _aIncludes index
500 _aIncludes index
650 _a_Windows 95
980 _a^d20130520 12:57:05^oanne
999 _c13489
_d13489